| 000 | 00722nab a2200229 a 4500 | ||
|---|---|---|---|
| 001 | 69252 | ||
| 003 | 143090 | ||
| 005 | 20201118110634.0 | ||
| 008 | ||||||n9999 ||| || || | ||
| 041 | _aspa | ||
| 100 | _aMolina Vega, José Enrique | ||
| 245 | 0 |
_aLa democracia venezolana en una escrucijada : _blas elecciones nacionales y regionales de 1998 |
|
| 260 |
_aEspaña : _bInstituto de Estudios de Iberoamerica y Portugal. Universidad de Salamanca, _c1999. |
||
| 300 | _app.29-40 | ||
| 562 | _e0 | ||
| 650 | _aCOMPORTAMIENTO ELECTORAL | ||
| 650 | _aPARTIDOS POLÍTICOS | ||
| 650 | _aPROCESO ELECTORAL | ||
| 650 | _aRESULTADOS ELECTORALES | ||
| 773 |
_068760 _aAmérica Latina Hoy - No.21 |
||
| 942 | _cSART | ||
| 999 |
_c69252 _d69252 |
||